000 01020nam a22002177a 4500
999 _c8492
_d8492
003 AR-CdUCM
008 190325b ||||| |||| 00| 0 spa d
040 _aMUNICIPALIDAD PROVINCIAL DEL CUSCO
_cBIBLIOTECA MUNICIPAL DEL CUSCO
082 _a398.985 /
_bM84
100 _aMontes Ataucuri, W. Edmundo
_923744
245 _aLa venganza de los apus :
_bel despertar de los Apus dará inicio a decisivas batallas contra las invasoras empresas mineras asesinas ... /
260 _aArequipa :
_bCorporación gráfica Adalid,
_c2014.
300 _a193 páginas ;
_bImágenes.
_c20.5 cm.
505 _aContenido: El apu dios del mundo andino -- Los apus andinos protectores de la vida -- Los illas de los apus -- Rivalidad y solidaridad entre los apus -- La venganza de los apus -- Contacto de los apus con los runas ...
650 _aCosmología indígena
_910835
650 _aCultura andina
_95789
650 _aMitología peruana
_99864
700 _aAtaucuri Mendoza, Wilber
_923808
942 _2ddc
_cLIBROS
945 _aafb